000 00611nam a2200229Ia 4500
003 OSt
005 20220923214755.0
006 a|||||r|||| 00| 0
007 ta
008 220922b |||||||| |||| 00| 0 hin d
024 _a172,607
037 _cTextual
040 _aARTS
_cARTS
_bhin
041 _2hin
_ahin
082 _aO152:3NKA:11, J5
100 _aकान्त, कुशवाहा
_9156279
245 0 _aनागिन
246 _aNāgina
260 _c1955
942 _hO152:3NKA:11, J5
_cTEXL
_2CC
999 _c326615
_d326615